Prerušenie odpisovania
Možnosť prerušenia odpisovania účtovnej jednotky v zmysle zákona o dani z príjmov podľa § 22 ods. 9. V ďalšom období daňovník pokračuje v odpisovaní akoby nebolo prerušené, celková doba sa predĺži o dobu prerušenia. Príklad prerušenia odpisovania.
Salvato in:
| Autore principale: | |
|---|---|
| Natura: | Capitolo di libro |
| Lingua: | slovacco |
| Soggetti: | |
| Tags: |
Nessun Tag, puoi essere il primo ad aggiungerne!!
|
MARC
| LEADER | 00000naa$a2200000$$$4500 | ||
|---|---|---|---|
| 001 | 0072577 | ||
| 005 | 20240502071847.4 | ||
| 041 | 0 | |a slo | |
| 044 | |a SK | ||
| 245 | 1 | 0 | |a Prerušenie odpisovania |c Miriama Šulovská |
| 520 | |a Možnosť prerušenia odpisovania účtovnej jednotky v zmysle zákona o dani z príjmov podľa § 22 ods. 9. V ďalšom období daňovník pokračuje v odpisovaní akoby nebolo prerušené, celková doba sa predĺži o dobu prerušenia. Príklad prerušenia odpisovania. | ||
| 610 | 2 | 0 | |a odpisy |
| 610 | 2 | 0 | |a odpisy daňové |
| 610 | 2 | 0 | |a jednotka účtovná |
| 610 | 2 | 0 | |a odpisy účtovné |
| 100 | 1 | |a Šulovská, Miriama, 1980- | |